[Event "Zhukov Memorial"]
[Site "Spasskoe"]
[Date "1996.??.??"]
[Round "11"]
[White "Yagupov, Igor"]
[Black "Mukhametov, Eldar"]
[Result "1/2-1/2"]
[WhiteElo "2450"]
[BlackElo "2505"]
[PlyCount "34"]
[EventDate "1996.??.??"]
[EventType "tourn"]
[EventRounds "13"]
[EventCountry "RUS"]
[SourceTitle "EXT 1999"]
[Source "ChessBase"]
[SourceDate "1998.11.16"]
[SourceVersion "1"]
[SourceVersionDate "1998.11.16"]
[SourceQuality "1"]

1. e4 c5 2. Nf3 Nc6 3. Bb5 d6 4. 0-0 Bd7 5. Re1 a6 6. Bxc6 Bxc6 7. c3 e6 8. d4 cxd4 9. cxd4 d5 10. e5 Ne7 11. b3 Ng6 12. Qd2 Be7 13. Ba3 0-0 14. Bxe7 Qxe7 15. Nc3 Rfc8 16. Ne2 Bb5 17. Ng3 Qa3 1/2-1/2

[Event "RUS-ch Army"]
[Site "Russia"]
[Date "1995.??.??"]
[Round "?"]
[White "Annakov, Babakuli"]
[Black "Mukhametov, Eldar"]
[Result "1/2-1/2"]
[WhiteElo "2420"]
[BlackElo "2515"]
[PlyCount "38"]
[EventDate "1995.??.??"]
[EventType "tourn"]
[EventRounds "11"]
[EventCountry "RUS"]
[EventCategory "10"]
[SourceTitle "CBM 048"]
[Source "ChessBase"]
[SourceDate "1995.10.01"]
[SourceVersion "1"]
[SourceVersionDate "1995.10.01"]
[SourceQuality "1"]

1. d4 d5 2. c4 e6 3. Nf3 c6 4. Nc3 Nf6 5. Bg5 h6 6. Bxf6 Qxf6 7. a3 dxc4 8. Ne5 c5 9. e3 cxd4 10. exd4 Nc6 11. Nxc6 bxc6 12. Bxc4 g6 13. Qa4 Bd7 14. 0-0 Bg7 15. Rad1 0-0 16. Ne4 Qf4 17. Nc5 Qd6 18. Nxd7 Qxd7 19. d5 exd5 1/2-1/2